000 00470nam a2200181Ia 4500
001 4446
005 20260306145756.0
008 260306t2004||||xx |||||||||||||| ||spa||
041 _aESP
082 _a322.1
_bP46
100 _aPérez Quiroz, Tito, 1955-
_eAUT
245 0 _aIglesia y estado:
_b180 años de discriminación religiosa en el Perú
260 _c2004
300 _a401 páginas :
_c21 cm.
650 _aGEN
654 _aCHU
942 _cLIB
_dJUS
_fJUS
_2ddc
_n
999 _c4446
_d4446